[Event "BCF-chT4S 1718 (4NCL)"]
[Site "England"]
[Date "2017.11.11"]
[Round "1.84"]
[White "Atara, Omeet J"]
[Black "Lim, Wei Xinq Sean"]
[Result "1/2-1/2"]
[WhiteElo "1617"]
[BlackElo "1740"]
[PlyCount "97"]
[EventDate "2017.11.11"]
[EventType "team-swiss"]
[EventRounds "11"]
[EventCountry "ENG"]
[SourceTitle "EXT 2020"]
[Source "ChessBase"]
[SourceDate "2019.10.17"]
[SourceVersion "1"]
[SourceVersionDate "2019.10.17"]
[SourceQuality "1"]
[WhiteTeam "Throw in the Tal"]
[BlackTeam "Oxford IV"]
[WhiteTeamCountry "ENG"]
[BlackTeamCountry "ENG"]

1. d4 Nf6 2. Nf3 e6 3. Bf4 d5 4. e3 b6 5. Ne5 Ba6 6. Bxa6 Nxa6 7. Qe2 Nb8 8. Qb5+ Nfd7 9. Nxd7 Qxd7 10. a4 a6 11. Qxd7+ Kxd7 12. c3 Be7 13. Nd2 Nc6 14. Bg3 h5 15. h3 g5 16. 0-0 f5 17. Nf3 h4 18. Ne5+ Nxe5 19. Bxe5 Rhg8 20. Kh2 c6 21. b4 a5 22. Rfb1 axb4 23. cxb4 Ra6 24. b5 Ra7 25. bxc6+ Kxc6 26. Rc1+ Kd7 27. Rab1 Bd8 28. Rb4 Bc7 29. Bxc7 Rxc7 30. Rcb1 Ra8 31. g3 Rc6 32. Rxb6 Rxb6 33. Rxb6 Rxa4 34. Rb7+ Kc6 35. Rg7 hxg3+ 36. Kxg3 f4+ 37. Kf3 fxe3 38. fxe3 e5 39. Rg6+ Kc7 40. dxe5 Rh4 41. Rxg5 Rxh3+ 42. Ke2 Kd7 43. Rg6 Rh5 44. Rd6+ Ke7 45. Rxd5 Ke6 46. Rd6+ Kxe5 47. Rb6 Rh3 48. Kd3 Kd5 49. Ra6 1/2-1/2

[Event "BCF-chT4S 1617 (4NCL)"]
[Site "England"]
[Date "2017.03.18"]
[Round "7.66"]
[White "Lim, Wei Xinq Sean"]
[Black "Whiteside, Robert"]
[Result "0-1"]
[WhiteElo "1757"]
[BlackElo "1824"]
[PlyCount "58"]
[EventDate "2016.11.26"]
[EventType "team-swiss"]
[EventRounds "11"]
[EventCountry "ENG"]
[SourceTitle "EXT 2019"]
[Source "ChessBase"]
[SourceDate "2018.10.10"]
[SourceVersion "1"]
[SourceVersionDate "2018.10.10"]
[SourceQuality "1"]
[WhiteTeam "Oxford III"]
[BlackTeam "MK Phoenix II"]
[WhiteTeamCountry "ENG"]
[BlackTeamCountry "ENG"]

1. e4 e6 2. Nf3 c5 3. d4 cxd4 4. Nxd4 Nc6 5. Nb5 d6 6. c4 Nf6 7. N1c3 a6 8. Na3 Qb6 9. Bd3 Be7 10. 0-0 0-0 11. Nc2 Qc7 12. Be3 Ne5 13. b3 b5 14. Qe2 Bb7 15. Bf4 bxc4 16. bxc4 Nxd3 17. Qxd3 Rfc8 18. Ne3 Nh5 19. Bg3 Nxg3 20. hxg3 Bf6 21. Rac1 Rab8 22. Rfd1 Qa5 23. Rd2 Bg5 24. f4 Bf6 25. Ne2 Bxe4 26. Qxe4 Qxd2 27. Kf2 Rb2 28. Rc2 Rxc2 29. Nxc2 d5 0-1

[Event "BCF-chT3Sd 1516 (4NCL)"]
[Site "England"]
[Date "2016.05.02"]
[Round "11.99"]
[White "Obi, Marc On"]
[Black "Lim, Wei Xinq Sean"]
[Result "1-0"]
[WhiteElo "1900"]
[BlackElo "1740"]
[PlyCount "71"]
[EventDate "2016.03.20"]
[EventType "team-swiss"]
[EventRounds "11"]
[EventCountry "ENG"]
[SourceTitle "EXT 2017"]
[Source "ChessBase"]
[SourceDate "2016.10.25"]
[SourceVersion "1"]
[SourceVersionDate "2016.10.25"]
[SourceQuality "1"]
[WhiteTeam "MK Phoenix II"]
[BlackTeam "Oxford II"]
[WhiteTeamCountry "ENG"]
[BlackTeamCountry "ENG"]

1. c4 e5 2. g3 Nf6 3. Bg2 Nc6 4. e4 Bc5 5. Ne2 0-0 6. 0-0 d6 7. h3 Be6 8. d3 Qd7 9. Kh2 h6 10. Nbc3 Nh7 11. Na4 Ng5 12. Nxc5 dxc5 13. f4 Bxc4 14. dxc4 Qxd1 15. Rxd1 Ne6 16. fxe5 Nxe5 17. b3 Rad8 18. Be3 b6 19. Rd5 Nc6 20. Rad1 Nb4 21. Rxd8 Nxd8 22. Rd2 f6 23. a3 Nbc6 24. Bf4 Na5 25. Rd3 Ndc6 26. Nc1 g5 27. Bxc7 Rf7 28. Bd6 Rd7 29. Rd5 Nd4 30. e5 fxe5 31. Bxe5 Re7 32. Bxd4 cxd4 33. Rxd4 Re1 34. b4 Rxc1 35. bxa5 bxa5 36. a4 1-0

[Event "London CSC op U2000 7th"]
[Site "London"]
[Date "2015.12.07"]
[Round "1"]
[White "Bennett, John"]
[Black "Lim, Wei Xinq Sean"]
[Result "0-1"]
[WhiteElo "1982"]
[BlackElo "1768"]
[PlyCount "74"]
[EventDate "2015.12.07"]
[EventType "swiss"]
[EventRounds "9"]
[EventCountry "ENG"]
[SourceTitle "CBM 170 Extra"]
[Source "ChessBase"]
[SourceDate "2016.02.25"]
[SourceVersion "1"]
[SourceVersionDate "2016.02.25"]
[SourceQuality "1"]

1. d4 e6 2. c4 Nf6 3. Nc3 Bb4 4. Bg5 c5 5. d5 exd5 6. cxd5 d6 7. e3 h6 8. Bh4 0-0 9. Bd3 Nbd7 10. Nge2 Ne5 11. Bc2 Ng6 12. Bg3 Nh5 13. 0-0 Nxg3 14. Nxg3 Re8 15. Qd3 a6 16. a3 Ba5 17. f4 b5 18. e4 Bb6 19. Qf3 c4+ 20. Kh1 Qh4 21. Nf5 Bxf5 22. exf5 Re3 23. fxg6 Rxf3 24. gxf7+ Kxf7 25. Rxf3 Re8 26. g3 Qg4 27. Kg2 Bd4 28. Ne4 Qd7 29. Rb1 Ke7 30. b3 c3 31. Rd1 Bf6 32. Nxc3 Bxc3 33. Rxc3 Kf6 34. Bd3 Qg4 35. Rf1 Re3 36. Rf2 Qd1 37. Bc2 Qxd5+ 0-1

[Event "BCF-chT4 1516 (4NCL)"]
[Site "England"]
[Date "2015.11.14"]
[Round "1.34"]
[White "Lees, Fraser A"]
[Black "Lim, Wei Xinq Sean"]
[Result "1/2-1/2"]
[WhiteElo "1827"]
[BlackElo "1740"]
[PlyCount "76"]
[EventDate "2015.11.14"]
[EventType "team-swiss"]
[EventRounds "11"]
[EventCountry "ENG"]
[SourceTitle "EXT 2017"]
[Source "ChessBase"]
[SourceDate "2016.10.25"]
[SourceVersion "1"]
[SourceVersionDate "2016.10.25"]
[SourceQuality "1"]
[WhiteTeam "Hippos III"]
[BlackTeam "Oxford III"]
[WhiteTeamCountry "ENG"]
[BlackTeamCountry "ENG"]

1. d4 Nf6 2. Nf3 e6 3. g3 d5 4. Bg2 c5 5. c3 Nc6 6. 0-0 Bd6 7. Bg5 h6 8. Bxf6 Qxf6 9. e3 0-0 10. Nbd2 Bd7 11. e4 cxd4 12. exd5 exd5 13. Nxd4 Nxd4 14. cxd4 Qxd4 15. Nb3 Qb6 16. Qxd5 Be6 17. Qxb7 Qxb7 18. Bxb7 Rab8 19. Be4 Be5 20. Rfd1 Bxb2 21. Rab1 Be5 22. f4 Bc7 23. Kg2 Rfd8 24. Rxd8+ Rxd8 25. f5 Bd5 26. Bxd5 Rxd5 27. Rc1 Bb6 28. Rc8+ Kh7 29. g4 g6 30. fxg6+ fxg6 31. Rc6 Rd3 32. Re6 Kg7 33. Rc6 Kf7 34. h3 Re3 35. Rc2 Kf6 36. Rc6+ Re6 37. Rxe6+ Kxe6 38. Kf3 Ke5 1/2-1/2